000 00772nam a2200241Ia 4500
003 OSt
005 20220923225455.0
006 a|||||r|||| 00| 0
007 ta
008 220922b |||||||| |||| 00| 0 hin d
024 _a268,703
037 _cTextual
040 _aARTS
_cARTS
_bhin
041 _2hin
_ahin
082 _aO15:gxE51,1:g, 152K8
100 _aचतुर्वेदी, व्रजमोहन
245 0 _aमहिमभटृ
246 _ahinimabhaṭṛu
260 _aदिल्ली
_b नेशनल पब्लिशिंग हाउस
_c1968
300 _a347पृ.
_ccm.
942 _hO15:gxE51,1:g, 152K8
_cTEXL
_2CC
999 _c378455
_d378455